000 01956cam a2200349 i 4500
001 768714001
003 CO-MdFUSB
005 20210610113353.0
007 ta
008 040405t2003 enka b 001 0 eng d
020 _a1842272438
040 _aTLQ
_cCO-MdFUSB
_dOCLCQ
_dCO-MdFUSB
_dBAN
_dFPD
_bspa
_erda
041 _aeng
082 _223
_a261.73
_bG663
100 1 _aGordon, Graham.
_eautor
245 1 0 _aWhat if you got involved? :
_btaking a stand against social injustice
_c/ Graham Gordon.
264 1 _aCarlisle :
_bPaternoster Press,
_c[2003]
264 4 _c© 2003
300 _a253 páginas. :
_bilustraciones. ;
_c20 cm.
336 _2rdacontent
_atexto
_btxt
337 _2rdamedia
_asin mediación
_bn
338 _2rdacarrier
_avolumen
_bnc
504 _aIncluye referencias bibliográficas (p. 241 -244) e índices.
505 _aPrólogo / René Padilla - Fundamentos bíblicos para la participación - Diez razones para no involucrarse - El reino de Dios y la misión de la iglesia - Pobreza, justicia y estado - Comprensión y compromiso con el poder - Enfoque de Jesús al poder y la política - Herencia cristiana de participación política - Experiencias de todo el mundo - Reconciliación y curación: Ruanda - Proporcionar una alternativa a la prostitución: Filipinas - Libertad para los presos: Perú - Cristianos y participación política: Kenia - Superar la discapacidad: Camboya - Romper las cadenas de la deuda: Jubileo 2000 - Formas prácticas de involucrarse - Involucrarse: hacer campaña en asuntos internacionales - Involucrarse: traer cambios en su comunidad local - Distinción cristiana: visión, valores y formulación de políticas - Cuestiones difíciles: desobediencia civil y derechos humanos.
563 _aRústico
650 0 _aJusticia social
_91851
650 0 _aCristianismo y política
_91250
942 _cBK
945 _aJTF-925
999 _c66426
_d66426